| 000 | 00620nam a22002177a 4500 | ||
|---|---|---|---|
| 003 | OSt | ||
| 005 | 20140310182218.0 | ||
| 008 | 130909t xxu||||| |||| 00| 0 eng d | ||
| 020 | _a9781840133509 | ||
| 050 |
_aDF 289 _b.B2611999 |
||
| 082 |
_aHS 292.1 _bB26 1999 |
||
| 100 |
_aBarnett, Mary _917175 |
||
| 245 |
_aGods and Myths of ancient Greece / _cMary Barnett |
||
| 260 |
_aSingapore : _bGrange Books, _c1999. |
||
| 300 |
_a111 p., _b ill. (col.) _c32 cm. |
||
| 650 |
_aMythology,classical _917133 |
||
| 650 |
_aGreece _917176 |
||
| 650 |
_a Dixon, Michael _917177 |
||
| 942 |
_2lcc _cHS |
||
| 999 |
_c10654 _d10654 |
||